000 00732nam a2200241Ia 4500
003 OSt
005 20220927105118.0
006 a|||||r|||| 00| 0
007 ta
008 220926b |||||||| |||| 00| 0 eng d
024 _a186793
037 _cReference Collections
040 _aRTL
_cRTL
_beng
041 _2eng
_aeng
082 _a"X9(J8).231.N81<N77r, M1"
110 _aINDIAN DYESTUFF INDUSTRIES LTD
_9370228
245 0 _a"Annual report,1977-81."
260 _aBombay
_bIndian Dyestuff Industries Ltd
_c1981
300 _a41p.
_ccm.
700 _aINDIAN DYESTUFF INDUSTRIES LTD
_9370229
942 _h"X9(J8).231.N81<N77r, M1"
_cCC
999 _c690709
_d690709